| 000 | 00851nam a2200253 a 4500 | ||
|---|---|---|---|
| 001 | 000044539 | ||
| 003 | DO-SdBNP | ||
| 005 | 20240412074303.0 | ||
| 008 | 140711s2014 dr 000 p spa d | ||
| 020 | _z97899454711779 | ||
| 040 | 4 |
_aDO-SdBNP _bspa _cBNPHU |
|
| 082 | 4 |
_a861.5 _bN789a _222 |
|
| 100 | 1 |
_aNolasco, Gloria _972551 |
|
| 245 | 0 | 1 |
_aAhondar en el silencio : _bpoemas / _cGloria Nolasco ; prólogo Bruno Rosario Candelier. |
| 260 | 1 |
_a[Santo Domingo] : _b[Búho], _c[2014?]. |
|
| 300 |
_a85 p. : _c22 cm. |
||
| 590 | _aLa biblioteca posee tres ejemplares autografiados por la autora | ||
| 590 | _aInventariado, 2018 / LP | ||
| 650 | 4 |
_924665 _aPoesía dominicana |
|
| 650 | 0 |
_aLiteratura dominicana. _967 |
|
| 700 | 1 | 1 |
_aRosario Candelier, Bruno, _d1941- _epról. _9851 |
| 910 | _aValidado. Control de calidad MFF | ||
| 942 |
_2ddc _cLBS1 |
||
| 999 |
_c44028 _d44028 |
||